Avances del conocimiento ciencia y tecnología: selección de artículos publicados entre 1992 y 1996

Uloženo v:
Podrobná bibliografie
Hlavní autor: Duery, Lilian (Autor)
Médium: Kniha
Jazyk:španělština
Vydáno: Santiago Antártica 1996
Témata:
Tagy: Přidat tag
Žádné tagy, Buďte první, kdo vytvoří štítek k tomuto záznamu!

MARC

LEADER 00000nam a2200000 a 4500
001 UCS6868
003 CL-VaPUC
008 971003e19960000CL |||||||||||||||||spa|d
082 0 4 |a 303.483  |b DUE  |2 21 
100 0 |a Duery, Lilian  |e author  |9 392332 
245 1 0 |a Avances del conocimiento ciencia y tecnología: selección de artículos publicados entre 1992 y 1996 
300 |a 311 p 
942 |c BK 
945 |d 19971003 00:00:00  |a jquezada 
260 |a Santiago  |b Antártica  |c 1996 
650 0 |a Desarrollo científico  |9 259799 
650 7 |a CONOCIMIENTO  |2 CL-VaPUC  |9 308991 
650 0 |a Ciencia y tecnología  |9 260585 
650 0 |a Investigación científica  |9 259857 
650 0 |a Tecnología  |9 256742 
650 0 |a Cibernética  |9 270269 
583 |a last modification  |c 19971003 00:00:00  |k Rodrigo Vera 
999 |c 262432  |d 262430 
952 |0 0  |1 0  |2 ddc  |4 0  |6 303_483000000000000_DUE_1996  |7 0  |8 A  |9 599850  |a BIBTEO  |b BIBTEO  |c GEN  |d 2025-01-23  |i 5608082  |o 303.483 DUE 1996  |p 5608082  |r 2025-01-23  |t 2  |w 2025-01-23  |y BK  |k ICR